Tilastot visalle Arvaa kaupunki satelliittikuvasta

Klikkaa tästä pelataksesi tätä visaa!

Yleistilastot

  • Tätä visaa on pelattu 49 kertaa
  • Keskiarvotulos 18 / 31

Vastaustilastot

Vastaus% Oikein
Helsinki
98%
Turku
89%
Oulu
87%
Tampere
87%
Jyväskylä
80%
Kuopio
78%
Vaasa
76%
Rovaniemi
72%
Pori
70%
Hämeenlinna
65%
Seinäjoki
65%
Kokkola
61%
Lappeenranta
61%
Kouvola
59%
Lahti
59%
Joensuu
57%
Rauma
57%
Hamina
54%
Kajaani
54%
Mikkeli
54%
Tornio
52%
Savonlinna
50%
Porvoo
43%
Riihimäki
37%
Iisalmi
35%
Maarianhamina
35%
Hanko
33%
Hyvinkää
30%
Loviisa
30%
Raahe
30%
Kaskinen
17%

Tulosjakauma

Persentiili vastausten määrän mukaan

Jokaisen tuloksen saaneiden osuus

Tuloshistoriasi

Et ole pelannut tätä visaa